logo

Bir Sreshtho Munshi Abdur Rouf Library
Jhenaidah Cadet College

পেশায় উত্তরণে ব্যবস্থাপনা দক্ষতা / (Record no. 12904)

MARC details
000 -LEADER
fixed length control field 00909nam a2200229 a 4500
001 - CONTROL NUMBER
JCCL Control Number 12904
003 - CONTROL NUMBER IDENTIFIER
JCCL marc code BD-JhCC
005 - DATE AND TIME OF LATEST TRANSACTION
control field 20230601125559.0
008 - FIXED-LENGTH DATA ELEMENTS--GENERAL INFORMATION
fixed length control field 230601s2021 b ||||| |||| 000 0 b d
020 ## - INTERNATIONAL STANDARD BOOK NUMBER
International Standard Book Number 9789842006333
035 ## - SYSTEM CONTROL NUMBER
system control number (BD-JhCC)12904
040 ## - CATALOGING SOURCE
Original cataloging agency BD-JhCC
Modifying agency BD-JhCC
041 ## - LANGUAGE CODE
Language code of Book ben
082 ## - DEWEY DECIMAL CLASSIFICATION NUMBER
Classification number 651.05
Author mark and Year RAH 2021
100 ## - MAIN ENTRY--PERSONAL NAME
Personal name রহমান, প্রকৌশলী মোহাম্মদ হাফিজুর
245 ## - TITLE STATEMENT
Title পেশায় উত্তরণে ব্যবস্থাপনা দক্ষতা /
Statement of responsibility, etc প্রকৌশলী মোহাম্মদ হাফিজুর রহমান
260 ## - PUBLICATION, DISTRIBUTION, ETC. (IMPRINT)
Place of publication, distribution, etc ঢাকা :
Name of publisher, distributor, etc অ্যার্ডন পাবলিকেশন,
Date of publication, distribution, etc ২০২১
300 ## - PHYSICAL DESCRIPTION
Pagination ৪৪৫ পৃ. :
Dimensions ২২ সেমি.
504 ## - BIBLIOGRAPHY, ETC. NOTE
Bibliography, etc নির্ঘন্ট সংযোজিত,
650 ## - SUBJECT ADDED ENTRY--TOPICAL TERM
Topical term or geographic name as entry element Office management
942 ## - ADDED ENTRY ELEMENTS (KOHA)
Source of classification or shelving scheme Dewey Decimal Classification
Koha item type Books
Holdings
Source of classification or shelving scheme Damaged status Not for loan Home library Current library Shelving location Date of accession Cost, normal purchase price Total Checkouts Full call number Barcode Date last seen Copy number Method of acquisition Koha item type Currency
Dewey Decimal Classification     JCC Rouf Library JCC Rouf Library General Stacks 06/01/2023 791.00   651.05 RAH 2021 17113 06/01/2023 C-1 Purchase Books BDT

JCC Library | Contacts | JCC Home

Last Update on 23 September 2017
Copyright @ 2017-2020 JCC Rouf Library
Rouf Library, Jhenidah Cadet College (JCC), Bangladesh